Získej bronz : učeb. text pro pionýrské pracovníky k přípravě na zkoušku 3. kvalifikačního stupně /

Hlavní autor: Nejezchleb, Borek
Korporativní autor: Socialistický svaz mládeže. Pionýrská organizace. Česká ústřední rada
Jazyk: Čeština
Vydáno: Praha : Mladá fronta, 1974
Vydání: [2.], dopl. a rozš. vyd.
Edice: Knihovnička vedoucího
Fyzický popis: 238, [5] s. ; 8°
Knihy
Uloženo v:
LEADER 01194nam a22003132a 4500
001 000909980
003 CZ BrMZK
005 20081125141520.0
007 ta
008 080829s1974 xr a er|||||||||||cze d
015 |a cnb000467550 
035 |a (OCoLC)85363744 
040 |a ABA001  |b cze  |c LIA001  |d ABA001 
080 9 |a 369.4(437)(041) 
100 1 |a Nejezchleb, Borek  |7 jk01082976  |4 edt 
245 1 0 |a Získej bronz :  |b učeb. text pro pionýrské pracovníky k přípravě na zkoušku 3. kvalifikačního stupně /  |c zprac. Borek Nejezchleb a kol. ; il. František Škoda 
250 |a [2.], dopl. a rozš. vyd. 
260 |a Praha :  |b Mladá fronta,  |c 1974 
300 |a 238, [5] s. ;  |c 8° 
490 1 |a Knihovnička vedoucího ;  |v sv. 52 
504 |a Obsahuje bibliografii 
500 |a 15000 výt. 
550 |a Vydavatel: Česká ústřední rada Pionýrské organ. SSM 
710 2 |a Socialistický svaz mládeže.  |b Pionýrská organizace.  |b Česká ústřední rada  |7 kn20050509032 
830 0 |a Knihovnička vedoucího  |0 s 
910 |a BOA001  |b 1-0733.891 
990 |a BK 
991 |b 200808 
996 6 |b 2619544771  |c 1-0733.891  |l MZK  |r Sklad / do 1 hodiny  |n 0  |w 000909980  |u 000010  |a 1  |e BOA001  |j MZK50  |s P